| 000 | 00700nam a2200229 i 4500 | ||
|---|---|---|---|
| 001 | 6901 | ||
| 003 | ES-MaACL | ||
| 005 | 20250814045501.0 | ||
| 007 | t| | ||
| 008 | 900711s1986 sp ||||1| spa d | ||
| 020 | _a84-345-8420-4 | ||
| 080 | _a530.145 | ||
| 100 | 1 |
_aDavies, Paul. _942919 |
|
| 245 | 1 | 0 |
_aEn busca de las ondas de gravitacion / _cPaul Davies. |
| 260 |
_aBarcelona : _bSalvat, _cD.L. 1986. |
||
| 300 |
_aIX, 182 p. : _bil. ; _c19 cm. |
||
| 490 | 1 |
_aBiblioteca científica Salvat ; _v84 |
|
| 650 | 1 | 7 |
_aMecánica ondulatoria _2embne _914878 |
| 830 | 0 |
_aBiblioteca científica Salvat ; _v84 _9177703 |
|
| 852 |
_aES-MaACL _jL-14166 _bR.117754 _z. - rust. |
||
| 999 |
_c6901 _d6901 |
||